| 000 | 00509cam a2200145 4500500 | ||
|---|---|---|---|
| 005 | 20251228090925.0 | ||
| 041 | _afre | ||
| 042 | _adc | ||
| 100 | 1 | 0 |
_aLeplay, Michel _eauthor |
| 245 | 0 | 0 | _aBibliographie du pasteur Michel Leplay (1927-2020) |
| 260 | _c2020. | ||
| 500 | _a22 | ||
| 786 | 0 | _nBulletin de l’Amitié Charles Péguy | 170 | 2 | 2020-04-29 | p. 206-207 | 0180-8567 | |
| 856 | 4 | 1 | _uhttps://shs.cairn.info/revue-bulletin-de-lamitie-charles-peguy-2020-2-page-206?lang=fr&redirect-ssocas=7080 |
| 999 |
_c1602892 _d1602892 |
||